Festskrift til Vilhelm Thomsen fra disciple : udgivet i anledning af hans femogtyvearige doktorjubilaeum /

Bibliographic Details
Other Authors: Thomsen, Vilhelm, 1842-1927
Format: Book
Language:Dutch
Published: Kbenhavn : Gyldendal, 1894.
Subjects:

MARC

Tag First Indicator Second Indicator Subfields
LEADER 00000cam a2200000 4500
001 in00000208317
005 20151009054629.0
008 791106s1894 dk b 01000 dut d
035 |a (OCoLC)05658135 
035 |9 AAW8492AM 
040 |a TXA  |c TXA  |d UtOrBLW 
049 |a TXAM  |c [1017551] 
090 |a P26  |b .T47 
245 0 0 |a Festskrift til Vilhelm Thomsen fra disciple :  |b udgivet i anledning af hans femogtyvearige doktorjubilaeum /  |c 23 marts 1869-23 marts 1894. 
264 1 |a Kbenhavn :  |b Gyldendal,  |c 1894. 
300 |a 368 pages 
336 |a text  |b txt  |2 rdacontent 
337 |a unmediated  |b n  |2 rdamedia 
338 |a volume  |b nc  |2 rdacarrier 
504 |a Bibliographical footnotes. 
650 0 |a Philology. 
700 1 |a Thomsen, Vilhelm,  |d 1842-1927. 
999 |a MARS 
999 f f |s 5579a6b2-70c2-36ff-8317-345cf8ee31ac  |i 9fb4cb3e-dc0f-373c-b796-25e32b8d7d65  |t 0 
952 f f |p ric  |a Texas A&M University  |b Rellis Campus  |c Joint Library Facility  |d Remote Storage  |t 0  |e P26 .T47  |h Library of Congress classification  |i unmediated -- volume  |m A14803517760 
998 f f |a P26 .T47  |t 0  |l Remote Storage